| 000 | 00000nam##2200000za#4500 |
| 001 | 9.604455 |
| 003 | CaOODSP |
| 005 | 20250403105157 |
| 007 | cr ||||||||||| |
| 008 | 150406|1997||||xxc|||||o f|0| 0 fre|d |
| 022 | |a1205-9161 |
| 040 | |aCaOODSP|bfre |
| 043 | |an-cn--- |
| 086 | 1 |aCS11-0019/110F-PDF |
| 245 | 00|aExiste-t-il des liens entre la performance économique, les paiements de transfert, l'inégalité et le faible revenu? / |h[ressource électronique]|cpar Myles Zyblock et Zhengxi Lin. |
| 260 | |aOttawa - Ontario : |bStatistique Canada |cLe 10 décembre 1997. |
| 300 | |a24p.|bgraphiques, références, tableaux |
| 490 | 1 |aDocuments de recherche - Direction des études analytiques|x1205-9161|vN° 110 |
| 500 | |aLe n° de catalogue (11F0019MPF), l'ISBN (0-660-95810-4) et l'ISSN (1200-5231) de l'édition imprimée ont été incorrectement copiés dans l'édition électronique. |
| 590 | |a12-34-Supp|b2012-07-31 |
| 710 | 2 |aStatistique Canada. |
| 720 | 1 |aLin, Zhengxi |
| 720 | 1 |aZyblock, Myles |
| 775 | 08|tTrickling down or fizzling out? : |w(CaOODSP)9.574719 |
| 830 | #0|aDocuments de recherche (Statistique Canada. Direction des études analytiques)|x1205-9161|vN° 110|w(CaOODSP)9.500842 |
| 856 | 40|ahttp://publications.gc.ca|qPDF|s107 Ko|uhttps://publications.gc.ca/collections/Collection/CS11-0019-110F.pdf|yN° 110 |